Normal view
MARC view
Entry Meeting Name
001 - CONTROL NUMBER
- control field: 33179
003 - CONTROL NUMBER IDENTIFIER
- control field: OSt
005 - DATE AND TIME OF LATEST TRANSACTION
- control field: 20211105135559.0
008 - FIXED-LENGTH DATA ELEMENTS
- fixed length control field: 211105|| aca||aabn | a|a d
040 ## - CATALOGING SOURCE
- Original cataloging agency: OSt
- Transcribing agency: OSt
111 ## - HEADING--MEETING NAME
- Meeting name or jurisdiction name as entry element: Symposium of the International Astronomical Union on the Ages of Stars
- Number of part/section/meeting: 258th
- Location of meeting: Baltimore
- Date of meeting or treaty signing: 2008 Oct. 13-17
670 ## - SOURCE DATA FOUND
- Source citation: Work cat.: (OSt): Symposium of the International Astronomical Union on the Ages of Stars 258th Baltimore 2008 Oct. 13-17, The ages of Stars, 2009